Match the Flag to the Canadian Province on a Map - Statistics

General Stats
  • This quiz has been taken 77 times
  • The average score is 9 of 13
Answers on the Map
Answers color-coded by a green-red scale on the quiz's map according to % correct below.
 
Answer Stats
Answer % Correct
91%
82%
82%
76%
75%
75%
71%
69%
64%
60%
60%
53%
51%
No matching quizzes found
Score Distribution
Percent of People with Each Score
Percentile by Number Answered
Your Score History
You have not taken this quiz